000
00218nam a22001097a 4500
100
_a
Hyles,Claudia
245
_a
And the answer is a pineapple
250
_a
2001
260
_b
swankit
300
_a
124
942
_2
ddc
_c
BK
999
_c
8969
_d
8969